[Event "SN-2013-0-00567"]
[Site "LSS email"]
[Date "2014.01.09"]
[Round "?"]
[White "Boucqueau, Dimitri"]
[Black "Lombardi, Donato"]
[Result "1-0"]
[WhiteElo "1865"]
[BlackElo "855"]
[PlyCount "49"]
[EventDate "2013.12.27"]
[EventType "tourn (corr)"]
[EventRounds "6"]
[EventCountry "GER"]
[SourceTitle "Telechess CBM 167"]
[Source "ChessBase"]
[SourceDate "2015.07.13"]
[SourceVersion "1"]
[SourceVersionDate "2015.07.13"]
[SourceQuality "1"]

1. e4 e6 2. d4 d5 3. e5 c5 4. c3 Nc6 5. Nf3 Bd7 6. Be2 Qb6 7. 0-0 cxd4 8. cxd4 Nge7 9. Nc3 Nf5 10. Na4 Qc7 11. Be3 Qa5 12. Bd2 Qc7 13. Rc1 Be7 14. g4 Nh6 15. h3 0-0 16. Bxh6 gxh6 17. Qd2 Nxe5 18. Rxc7 Bd6 19. dxe5 Bxc7 20. Qxh6 Bxa4 21. Ng5 Bc2 22. Rc1 Bg6 23. Rxc7 Rac8 24. Nxe6 Rxc7 25. Qg7# 1-0

[Event "SN-2013-0-00567"]
[Site "LSS email"]
[Date "2014.01.09"]
[Round "?"]
[White "Boucqueau, Dimitri"]
[Black "Salinas, Evin"]
[Result "1-0"]
[WhiteElo "1865"]
[BlackElo "723"]
[PlyCount "37"]
[EventDate "2013.12.27"]
[EventType "tourn (corr)"]
[EventRounds "6"]
[EventCountry "GER"]
[SourceTitle "Telechess CBM 167"]
[Source "ChessBase"]
[SourceDate "2015.07.13"]
[SourceVersion "1"]
[SourceVersionDate "2015.07.13"]
[SourceQuality "1"]

1. e4 c6 2. d4 Nf6 3. e5 Nd5 4. c4 Nb6 5. Nf3 e6 6. Nc3 Bb4 7. a3 Be7 8. Bd3 d5 9. exd6 Bxd6 10. c5 Be7 11. cxb6 Qxb6 12. 0-0 0-0 13. Qc2 Bd6 14. Bxh7+ Kh8 15. Qe4 Nd7 16. Qh4 Nf6 17. Ne4 Be7 18. Bg6+ Kg8 19. Nxf6+ 1-0

[Event "SN-2013-0-00567"]
[Site "LSS email"]
[Date "2014.01.08"]
[Round "?"]
[White "Meyer, Frank"]
[Black "Boucqueau, Dimitri"]
[Result "0-1"]
[WhiteElo "812"]
[BlackElo "1865"]
[PlyCount "40"]
[EventDate "2013.12.27"]
[EventType "tourn (corr)"]
[EventRounds "6"]
[EventCountry "GER"]
[SourceTitle "Telechess CBM 167"]
[Source "ChessBase"]
[SourceDate "2015.07.13"]
[SourceVersion "1"]
[SourceVersionDate "2015.07.13"]
[SourceQuality "1"]

1. d4 Nf6 2. c4 g6 3. Nf3 Bg7 4. Nc3 d6 5. b4 0-0 6. e3 c5 7. a3 Nc6 8. Rb1 cxd4 9. exd4 e5 10. dxe5 dxe5 11. Bg5 Bf5 12. Be2 Bxb1 13. Qxb1 Nd4 14. Nxd4 exd4 15. Nd5 Re8 16. Qd3 Nxd5 17. Bxd8 Nf4 18. Qf3 Raxd8 19. 0-0 Nxe2+ 20. Kh1 d3 0-1

[Event "OP-2013-0-03050"]
[Site "LSS email"]
[Date "2013.10.10"]
[Round "?"]
[White "Lenz, Juergen"]
[Black "Boucqueau, Dimitri"]
[Result "0-1"]
[WhiteElo "1016"]
[BlackElo "800"]
[PlyCount "62"]
[EventDate "2013.10.07"]
[EventType "tourn (corr)"]
[EventRounds "4"]
[EventCountry "GER"]
[SourceTitle "Telechess CBM 163"]
[Source "ChessBase"]
[SourceDate "2014.11.11"]
[SourceVersion "2"]
[SourceVersionDate "2014.11.11"]
[SourceQuality "1"]

1. d4 Nf6 2. Nf3 g6 3. Bf4 Bg7 4. e3 d6 5. h3 0-0 6. Be2 c5 7. c3 b6 8. a4 Ba6 9. Bb5 Qc8 10. Nbd2 cxd4 11. exd4 Bxb5 12. axb5 Qf5 13. Bh2 Qxb5 14. Qb3 Qxb3 15. Nxb3 Rc8 16. Ke2 a5 17. Nbd2 b5 18. Rhe1 a4 19. Kd3 Nc6 20. Ne4 Nd5 21. Ned2 b4 22. c4 Nb6 23. Rec1 b3 24. Bf4 Nb4+ 25. Ke2 Nc2 26. Rab1 Nxc4 27. Nxc4 Rxc4 28. Be3 Rac8 29. Kd2 e5 30. dxe5 dxe5 31. Ke2 Nxe3 0-1

[Event "IECG CP.2000.S.00002 email"]
[Site "IECG email"]
[Date "2002.10.01"]
[Round "?"]
[White "Boucqueau, Dimitri"]
[Black "Granz, Burkhard"]
[Result "0-1"]
[WhiteElo "1864"]
[BlackElo "2170"]
[PlyCount "65"]
[EventDate "2002.10.01"]
[EventType "tourn (corr)"]
[EventRounds "6"]
[EventCountry "GER"]
[SourceTitle "Corr 2008"]
[Source "ChessBase"]
[SourceDate "2008.06.24"]
[SourceVersion "1"]
[SourceVersionDate "2008.06.24"]
[SourceQuality "1"]

1. e4 c5 2. Nf3 d6 3. d4 cxd4 4. Nxd4 Nf6 5. Nc3 a6 6. Be3 e5 7. Nb3 Be6 8. f3 Be7 9. Qd2 0-0 10. 0-0-0 b5 11. g4 Nbd7 12. g5 b4 13. gxf6 bxc3 14. Qxc3 Nxf6 15. Na5 Qd7 16. Nc6 Rfc8 17. Nxe7+ Qxe7 18. Qa5 Qb7 19. Rg1 Rc6 20. b3 Rac8 21. c4 Nh5 22. Kb1 f5 23. Bh3 Qf7 24. Qd2 f4 25. Bxe6 Qxe6 26. Qd5 Qxd5 27. exd5 R6c7 28. Bd2 Rb7 29. Kc2 g6 30. Be1 Kf7 31. Kd3 Nf6 32. Rd2 a5 33. Rb2 0-1

[Event "IECG CP.2000.S.00002 email"]
[Site "IECG email"]
[Date "2002.10.01"]
[Round "?"]
[White "Boucqueau, Dimitri"]
[Black "Siefring, Carl L"]
[Result "0-1"]
[WhiteElo "1864"]
[BlackElo "2413"]
[PlyCount "40"]
[EventDate "2002.10.01"]
[EventType "tourn (corr)"]
[EventRounds "6"]
[EventCountry "GER"]
[SourceTitle "Corr 2008"]
[Source "ChessBase"]
[SourceDate "2008.06.24"]
[SourceVersion "1"]
[SourceVersionDate "2008.06.24"]
[SourceQuality "1"]

1. e4 c5 2. Nf3 d6 3. d4 cxd4 4. Nxd4 Nf6 5. Nc3 a6 6. Be3 e5 7. Nb3 Be6 8. f3 Nbd7 9. Qd2 b5 10. a4 b4 11. Nd5 Bxd5 12. exd5 Nb6 13. Bxb6 Qxb6 14. a5 Qb7 15. Bc4 Be7 16. Ra4 Rb8 17. Nc1 Bd8 18. b3 0-0 19. Na2 Nd7 20. Kd1 h6 0-1

[Event "IECG CP.2001.P.00035"]
[Site "IECG email"]
[Date "2001.10.01"]
[Round "?"]
[White "Boucqueau, Dimitri"]
[Black "Polevoy, Nickolay"]
[Result "1-0"]
[WhiteElo "1767"]
[BlackElo "2047"]
[PlyCount "67"]
[EventDate "2001.10.01"]
[EventType "tourn (corr)"]
[EventRounds "6"]
[SourceTitle "Corr 2008"]
[Source "ChessBase"]
[SourceDate "2008.06.24"]
[SourceVersion "1"]
[SourceVersionDate "2008.06.24"]
[SourceQuality "1"]

1. e4 c5 2. Nf3 d6 3. d4 cxd4 4. Nxd4 Nf6 5. Nc3 g6 6. Be3 Bg7 7. f3 0-0 8. Qd2 Nc6 9. Bc4 Bd7 10. 0-0-0 Ne5 11. Bb3 Qa5 12. Kb1 Rfc8 13. h4 Nc4 14. Bxc4 Rxc4 15. Nb3 Qc7 16. g4 Be6 17. h5 a5 18. Nd4 Qd7 19. hxg6 fxg6 20. Qh2 Rxc3 21. Nxe6 Qxe6 22. bxc3 Qc4 23. Bd4 e5 24. Be3 Qxc3 25. Rd3 Qc7 26. g5 Nh5 27. Qd2 Bf8 28. Rb3 Kh8 29. Qd5 Rb8 30. Bb6 Qe7 31. Qxa5 Qxg5 32. Qa7 Re8 33. Qxb7 Qg2 34. Rg1 1-0

[Event "IECG CP.2000.Q.00018"]
[Site "IECG email"]
[Date "2001.10.01"]
[Round "?"]
[White "Sukhov, Nick"]
[Black "Boucqueau, Dimitri"]
[Result "1-0"]
[WhiteElo "2081"]
[BlackElo "1767"]
[PlyCount "43"]
[EventDate "2001.10.01"]
[EventType "tourn (corr)"]
[EventRounds "6"]
[SourceTitle "Corr 2008"]
[Source "ChessBase"]
[SourceDate "2008.06.24"]
[SourceVersion "1"]
[SourceVersionDate "2008.06.24"]
[SourceQuality "1"]

1. e4 e5 2. Nf3 Nf6 3. Nxe5 d6 4. Nf3 Nxe4 5. d4 d5 6. Bd3 Be7 7. 0-0 Nc6 8. Re1 Bg4 9. c3 f5 10. Qb3 0-0 11. Nbd2 Kh8 12. Qxb7 Rf6 13. Qb3 Rb8 14. Qa4 Bd6 15. h3 Nxd2 16. Nxd2 Bxh3 17. gxh3 Rg6+ 18. Kf1 Qg5 19. Ke2 Qh5+ 20. f3 Bg3 21. Rf1 Qxh3 22. Kd1 1-0

[Event "IECG WC.2004.P.00015 email"]
[Site "IECG email"]
[Date "2001.01.22"]
[Round "?"]
[White "Barhorst, Arthur ThN"]
[Black "Boucqueau, Dimitri"]
[Result "0-1"]
[WhiteElo "1850"]
[BlackElo "1680"]
[PlyCount "38"]
[EventDate "2001.01.22"]
[EventType "tourn (corr)"]
[EventRounds "8"]
[SourceTitle "Corr 2008"]
[Source "ChessBase"]
[SourceDate "2008.06.24"]
[SourceVersion "1"]
[SourceVersionDate "2008.06.24"]
[SourceQuality "1"]

1. e4 c5 2. Nf3 d6 3. d4 cxd4 4. Nxd4 Nf6 5. Nc3 a6 6. Bg5 e6 7. f4 Qb6 8. Bxf6 gxf6 9. Be2 Rg8 10. Bf3 Qxb2 11. Na4 Qa3 12. c3 Nd7 13. Qc2 e5 14. Ne2 h5 15. c4 Qb4+ 16. Kf1 h4 17. Rb1 Qa5 18. Nec3 Be7 19. Nd5 Bd8 0-1

[Event "IECG WC.2004.P.00015 email"]
[Site "IECG email"]
[Date "2001.01.22"]
[Round "?"]
[White "Popov, Boris"]
[Black "Boucqueau, Dimitri"]
[Result "0-1"]
[WhiteElo "2113"]
[BlackElo "1680"]
[PlyCount "24"]
[EventDate "2001.01.22"]
[EventType "tourn (corr)"]
[EventRounds "8"]
[SourceTitle "Corr 2008"]
[Source "ChessBase"]
[SourceDate "2008.06.24"]
[SourceVersion "1"]
[SourceVersionDate "2008.06.24"]
[SourceQuality "1"]

1. Nf3 Nf6 2. g3 g6 3. Bg2 Bg7 4. 0-0 0-0 5. c4 c5 6. Nc3 Nc6 7. d4 cxd4 8. Nxd4 Ng4 9. e3 d6 10. b3 a6 11. Bb2 Nxd4 12. exd4 Rb8 0-1

[Event "IECG CP.2000.P.00056"]
[Site "IECG email"]
[Date "2000.10.01"]
[Round "?"]
[White "Caffaratti, Paolo"]
[Black "Boucqueau, Dimitri"]
[Result "0-1"]
[WhiteElo "1001"]
[BlackElo "1697"]
[PlyCount "90"]
[EventDate "2000.10.01"]
[EventType "tourn (corr)"]
[EventRounds "6"]
[EventCountry "RUS"]
[SourceTitle "Corr 2008"]
[Source "ChessBase"]
[SourceDate "2008.06.24"]
[SourceVersion "1"]
[SourceVersionDate "2008.06.24"]
[SourceQuality "1"]

1. d4 Nf6 2. c4 g6 3. Nc3 Bg7 4. Nf3 0-0 5. Bg5 d6 6. Qd2 Nbd7 7. Bh6 Bxh6 8. Qxh6 e5 9. e3 c6 10. Be2 Ng4 11. Qg5 f5 12. h3 Ngf6 13. Rd1 Qb6 14. Rd2 Ne4 15. Nxe4 fxe4 16. Nh2 exd4 17. exd4 Qd8 18. Qg3 d5 19. Ng4 Nf6 20. Qe5 Bxg4 21. hxg4 Qa5 22. Qe7 Qxa2 23. Qxb7 Rab8 24. Qxc6 Rxb2 25. Rxb2 Qxb2 26. cxd5 Qb4+ 27. Kd1 Qxd4+ 28. Ke1 Qb4+ 29. Kd1 Qb1+ 30. Qc1 Qxc1+ 31. Kxc1 Nxd5 32. Bd1 Nf4 33. Bb3+ Kg7 34. Kd2 Nxg2 35. Ke2 Rf3 36. Bc2 Nf4+ 37. Ke1 Nd3+ 38. Bxd3 exd3 39. g5 a5 40. Rh4 d2+ 41. Kxd2 Rxf2+ 42. Ke3 Rg2 43. Kf4 Rb2 44. Rh1 Rb4+ 45. Ke3 Rg4 0-1

[Event "IECG CP.2000.P.00056"]
[Site "IECG email"]
[Date "2000.10.01"]
[Round "?"]
[White "Meymuhin, Anatoliy"]
[Black "Boucqueau, Dimitri"]
[Result "1-0"]
[WhiteElo "1407"]
[BlackElo "1697"]
[PlyCount "63"]
[EventDate "2000.10.01"]
[EventType "tourn (corr)"]
[EventRounds "6"]
[EventCountry "RUS"]
[SourceTitle "Corr 2008"]
[Source "ChessBase"]
[SourceDate "2008.06.24"]
[SourceVersion "1"]
[SourceVersionDate "2008.06.24"]
[SourceQuality "1"]

1. c4 Nf6 2. Nc3 g6 3. e4 d6 4. d4 Bg7 5. f4 0-0 6. Nf3 Na6 7. Bd3 e5 8. fxe5 dxe5 9. d5 c6 10. 0-0 cxd5 11. cxd5 Ne8 12. Bg5 Qb6+ 13. Kh1 f6 14. Na4 Qd8 15. Bh4 Nac7 16. Qb3 Nd6 17. Rac1 Qe7 18. Nxe5 Bh6 19. Nc4 b5 20. Nxd6 bxa4 21. Nxc8 Rfxc8 22. Qc4 Bxc1 23. d6+ Qf7 24. dxc7 Rxc7 25. Rxc1 Rac8 26. Qxf7+ Kxf7 27. Rf1 Rc1 28. Kg1 Rxf1+ 29. Kxf1 Rb8 30. b3 axb3 31. axb3 Ke7 32. Bc4 1-0

[Event "IECG CP.1999.P.00011"]
[Site "IECG email"]
[Date "1999.10.01"]
[Round "?"]
[White "Boucqueau, Dimitri"]
[Black "Jelen, Jean Luc"]
[Result "1/2-1/2"]
[WhiteElo "1550"]
[BlackElo "1975"]
[PlyCount "35"]
[EventDate "1999.10.01"]
[EventType "tourn (corr)"]
[EventRounds "6"]
[EventCountry "NED"]
[SourceTitle "Corr 2008"]
[Source "ChessBase"]
[SourceDate "2008.06.24"]
[SourceVersion "1"]
[SourceVersionDate "2008.06.24"]
[SourceQuality "1"]

1. e4 c5 2. Nf3 d6 3. d4 cxd4 4. Nxd4 Nf6 5. Nc3 a6 6. Bg5 e6 7. f4 Qc7 8. Qf3 b5 9. f5 b4 10. Ncb5 axb5 11. Bxb5+ Bd7 12. fxe6 Bxb5 13. Nxb5 Qc5 14. Bxf6 fxe6 15. Nd4 gxf6 16. Nxe6 Qc4 17. Qxf6 Nd7 18. Qxh8 1/2-1/2